=LDR 00000nam 2200000 4500 =001 INLIS000000000029766 =005 20130612131954 =008 ***********************************Ind** =035 ##$$0010-061300000029766 =041 ##$$a Ind =082 ##$$a 013.085 =090 ##$$a 013.085, Sut c =100 ##$$a Sutrisno, Kaca =245 ##$$a Cermin kaca Soekarno, Mayon Soetrisno =260 ##$$a 2000 $b jakarta =300 ##$$a 341 hlm, 21 cm =850 ##$$a NBPNMAT